书目信息 |
| 题名: |
精细有机合成原理与技术
|
|
| 作者: | 韩福忠 , 林雪松 , 贾利娜 编著 | |
| 分册: | ||
| 出版信息: | 北京 中国纺织出版社 2018.03 |
|
| 页数: | 283页 | |
| 开本: | 26cm | |
| 丛书名: | ||
| 单 册: | ||
| 中图分类: | TQ202 | |
| 科图分类: | ||
| 主题词: | 精细化工--有机合成 | |
| 电子资源: | ||
| ISBN: | 978-7-5180-4143-5 | |
| 000 | 01001nam0 2200253 450 | |
| 001 | 5042 | |
| 005 | 20181014083157.84 | |
| 010 | @a978-7-5180-4143-5@dCNY78.00 | |
| 100 | @a20180412d2018 em y0chiy50 ea | |
| 101 | 0 | @achi |
| 102 | @aCN@b110000 | |
| 105 | @aak az 000yy | |
| 200 | 1 | @a精细有机合成原理与技术@9jing xi you ji he cheng yuan li yu ji shu@f韩福忠,林雪松,贾利娜编著 |
| 210 | @a北京@c中国纺织出版社@d2018.03 | |
| 215 | @a283页@c图@d26cm | |
| 320 | @a有书目(第282-283页) | |
| 330 | @a本书对精细有机合成原理与技术进行了研究,主要内容包括磺化与硫酸化、硝化与亚硝化、氧化还原、卤化与氨解、烷基化、酰基化、重氮化与重氮盐的转化、羟基化、缩合反应、精细有机合成路线设计基本方法与评价、精细有机合成的选择性控制与工艺优化、精细有机合成新方法新技术等。 | |
| 606 | 0 | @a精细化工@x有机合成 |
| 690 | @aTQ202@v5 | |
| 701 | 0 | @a韩福忠@9han fu zhong@4编著 |
| 701 | 0 | @a林雪松@9lin xue song@4编著 |
| 701 | 0 | @a贾利娜@9jia li na@4编著 |
| 801 | 0 | @aCN@b91MARC@c20180412 |
| 905 | @aMuseLib@dTQ202@e42 | |
| 精细有机合成原理与技术/韩福忠,林雪松,贾利娜编著.-北京:中国纺织出版社,2018.03 |
| 283页:图;26cm |
| ISBN 978-7-5180-4143-5:CNY78.00 |
| 本书对精细有机合成原理与技术进行了研究,主要内容包括磺化与硫酸化、硝化与亚硝化、氧化还原、卤化与氨解、烷基化、酰基化、重氮化与重氮盐的转化、羟基化、缩合反应、精细有机合成路线设计基本方法与评价、精细有机合成的选择性控制与工艺优化、精细有机合成新方法新技术等。 |
| ● |
| 相关链接 |
|
|
|
|
正题名:精细有机合成原理与技术
索取号:TQ202/42
 
预约/预借
| 序号 | 登录号 | 条形码 | 馆藏地/架位号 | 状态 | 备注 |
| 1 | 1127839 | 211278393 | 第二样本阅览室/ [索取号:TQ202/42] | 在馆 | |
| 2 | 1127840 | 211278400 | 第三借阅区/ [索取号:TQ202/42] | 在馆 | |
| 3 | 1127841 | 211278419 | 第三借阅区/ [索取号:TQ202/42] | 在馆 | |
| 4 | 1127842 | 211278428 | 化学系资料室/ [索取号:TQ202/42] | 在馆 | |
| 5 | 1127843 | 211278437 | 第三借阅区/ [索取号:TQ202/42] | 在馆 |